Vztah inteligence emoční a rozumové

Inteligencia a jej druhy. Emocionálna inteligencia a na čo ju potrebujeme. Ako vzájomne spolu súvisia IQ a EQ.

Enregistré dans:
Détails bibliographiques
Auteur principal: Svobodová, Lenka
Format: Chapitre de livre
Langue:tchèque
Sujets:
Tags: Ajouter un tag
Pas de tags, Soyez le premier à ajouter un tag!

MARC

LEADER 00000naa a2200000 4500
001 0165049
005 20231019115827.1
041 0 |a cze 
044 |a CZ 
245 1 0 |a Vztah inteligence emoční a rozumové  |c Lenka Svobodová 
520 |a Inteligencia a jej druhy. Emocionálna inteligencia a na čo ju potrebujeme. Ako vzájomne spolu súvisia IQ a EQ. 
610 2 0 |a inteligencia 
610 2 0 |a inteligencia emocionálna 
100 1 |a Svobodová, Lenka